000 00521nam a2200205Ia 4500
005 20250923145253.0
008 008 250917s9999 xx 000 0 eng d
037 _aPeriodicals
040 _aDSWL
_beng
_cDSWL
041 _aeng
_2eng
084 _qDSWL
245 0 _aIndian Journal of Public Administration
260 _aNew Delhi
_bIndian institute of public administration
_c1972
300 _a626p.
365 _aINR
_b16
490 _vVol.18
925 _g16
942 _cCR
999 _c1449273
_d1449273